Social foundations and sociology of education
Αποθηκεύτηκε σε:
| Κύριος συγγραφέας: | |
|---|---|
| Μορφή: | Βιβλίο |
| Γλώσσα: | Αγγλικά |
| Έκδοση: |
OAU, University Press
2012
|
| Ετικέτες: |
Προσθήκη ετικέτας
Δεν υπάρχουν, Καταχωρήστε ετικέτα πρώτοι!
|
MARC
| LEADER | 00000nam a22000007a 4500 | ||
|---|---|---|---|
| 008 | 230718b |||||||| |||| 00| 0 eng d | ||
| 020 | |a 9781361980 | ||
| 100 | |a KOBIOWU, S. V. | ||
| 245 | |a Social foundations and sociology of education |c Kobiowu, S. V. |g 1X,277P. | ||
| 260 | |b OAU, University Press |c 2012 |h Ile Ife |i 691718 |l LC191.K79 |m Educational Sociology | ||
| 500 | |a It includes references and index | ||
| 942 | |a lcc |c BK |e Adeyeye Y. S. |f 18/07/2023 | ||
| 952 | |0 0 |1 0 |2 lcc |4 0 |6 LC0191 K79 |7 0 |9 4292 |a HOL |b SSL |c QZ |d 2023-07-18 |l 0 |o LC191.K79 |p 2023-0219 |r 2023-07-18 00:00:00 |w 2023-07-18 |y BK | ||
| 999 | |c 2155 |d 2155 | ||